| 000 | 01007cam a22003014a 4500 | ||
|---|---|---|---|
| 003 | UPN | ||
| 005 | 20240323063701.0 | ||
| 008 | 150304s2005 es a r 000 f spa d | ||
| 020 | _a8421693875 | ||
| 035 | _aUPN01000202265 | ||
| 040 |
_aUPN _bspa _cUPN |
||
| 049 | _aI | ||
| 050 | 4 |
_aPZ71 _bL6.2 2005 |
|
| 100 | 1 |
_aLópez Narváez, Concha, _d1939- _930990 |
|
| 245 | 1 | 0 |
_aAventuras de Don Quijote y Sancho / _cadaptación Concha López Narváez ; pról. Ana María Matute ; il. Alicia Cañas Cortázar. |
| 250 | _a4a ed. | ||
| 260 |
_aMadrid : _bBruño, _c2005. |
||
| 300 |
_a159 p. : _bil. col. |
||
| 500 | _a"Basada en la obra original de Miguel de Cervantes" | ||
| 650 | 2 |
_aDon Quijote (Personaje Ficticio) _vLiteratura infantil _921666 |
|
| 650 | 0 |
_aHistorias de aventuras _94131 |
|
| 650 | 0 |
_aViajes _vLiteratura infantil _921656 |
|
| 700 | 1 |
_aCervantes Saavedra, Miguel de, _d1547-1616 _928040 |
|
| 905 | _aInfantil | ||
| 942 |
_2lcc _cLIBRO |
||
| 999 |
_c174366 _d174366 |
||